00407nam a2200145Ia 4500100002100000942000700021654001300028245004400041260002000085082002000105300000900125546001200134999001700146952009800163 aSankar/ Krishna  cBK acomputer aJava 1.2. Class Libraries Unleashed bTechmediac1999 a005.133'J'bSAN a1244 aENGLISH c28404d28404 001040708CRCaCRCEbCRCEd2023-03-17l0o005.133'J' SANp11225r2023-03-17w2023-03-17yBK